UBT Library

Getting it together : (Record no. 39531)

000 -LEADER
fixed length control field 00712pam a2200217 a 4500
001 - CONTROL NUMBER
control field 1877806
005 - DATE AND TIME OF LATEST TRANSACTION
control field 20171228040018.0
008 - FIXED-LENGTH DATA ELEMENTS--GENERAL INFORMATION
fixed length control field 830427s1983 nyua 001 0 eng
010 ## - LIBRARY OF CONGRESS CONTROL NUMBER
LC control number 83008919
020 ## - INTERNATIONAL STANDARD BOOK NUMBER
International Standard Book Number 0396081770 (pbk.) :
Terms of availability $12.95
040 ## - CATALOGING SOURCE
Original cataloging agency DLC
Transcribing agency DLC
Modifying agency DLC
041 ## - LANGUAGE CODE
Language code of text/sound track or separate title eng
043 ## - GEOGRAPHIC AREA CODE
Geographic area code n-us---
080 ## - UNIVERSAL DECIMAL CLASSIFICATION NUMBER
Universal Decimal Classification number 646.7
082 00 - DEWEY DECIMAL CLASSIFICATION NUMBER
Classification number 646.7 FIE
Edition number 19
100 1# - Rafti
Rafti 44
101 ## - Shkurtesa
Shkurtesa ART
245 10 - TITLE STATEMENT
Title Getting it together :
Statement of responsibility, etc by Mike Fields with contributions by A. Peter Bailey ; [foreword by Dionne Warwick] ; photographs by Bert Andrews, drawings by Kenneth Hunter.
906 ## - LOCAL DATA ELEMENT F, LDF (RLIN)
a 7
b cbc
c orignew
d 1
e ocip
f 19
g y-gencatlg
942 ## - ADDED ENTRY ELEMENTS (KOHA)
Source of classification or shelving scheme
Item type Books
Holdings
Withdrawn status Lost status Source of classification or shelving scheme Damaged status Not for loan Collection code Permanent location Current location Shelving location Date acquired Total Checkouts Full call number Barcode Date last seen Price effective from Koha item type
          Koleksioni i përgjithshem UBT - Lipjan UBT - Lipjan Koleksioni i përgjithshem 12/28/2017   646.7 FIE 002-2994139 12/28/2017 12/28/2017 Books
UBT Library © 2015-2024. All rights reserved University Education for Business and Technology